00193nam a2200085Ia 4500008004100000100001400041245003000055260001300085260000900098180219s9999 xx 000 0 und d aPremchand 0aKafan Tatha Anya Kahaniya aHind Pub c2010